000 01240nam a22003137a 4500
999 _c45926
_d45926
001 19564
003 CO-MdFUSB
005 20220625062546.0
008 170809t1932 enk||||| |||| 00| 0 eng d
040 _aCO-MdFUSB
_bspa
_cCO-MdFUSB
_dCO-MdFUSBC
_erda
041 _aeng
082 0 4 _aG 221.95 B69j
100 1 _aBox, G. H.
_eautor
245 1 0 _aJudaism in the Greek period
_b: From the rise of Alexander the Great to the intervention of Rome (333 to 63 B.C.)
_c / G. H. Box
264 4 _aOxford, England :
_bAt the Clarendon Press,
_c©1932
300 _axiv, 239 páginas
336 _2rdacontent
_a1
_ba1
337 _2rdamedia
_a2
_b5
338 _2rdacarrier
_a2
_b5
500 _aIncluye índice (p. 233-239)
501 _aPasta dura
505 0 0 _aEl judaísmo en la época griega - Reseña histórica de la cercana oriente desde el cuarto al primer siglo antes de Cristo - El periodo griego pre-macabea (333-168 BC) - La época de los macabeos (168-63 BC) - Introducción y notas sobre pasajes seleccionados
650 0 _aBiblia
_916
650 7 _aJudaísmo
_xHistoria
_2
_96884
653 _aBiblia A.T.
653 _aBiblia - Comentarios
653 _aJudaísmo - Historia - Período Greco-Romano, 332 a.C
942 _cBK